Informe final de la fase demostrativa del proyecto fortalecimiento de la educación inicial en República Dominicana. (Record no. 8624)

MARC details
000 -LEADER
campo de control de longitud fija 00492nam a2200133Ia 4500
001 - NÚMERO DE CONTROL
campo de control 954
008 - DATOS DE LONGITUD FIJA--INFORMACIÓN GENERAL
campo de control de longitud fija 241024s9999 xx 000 0 und d
082 ## - NÚMERO DE LA CLASIFICACIÓN DECIMAL DEWEY
Número de clasificación RD/372.97293/R426i/2003
100 ## - ENTRADA PRINCIPAL--NOMBRE DE PERSONA
Nombre de persona República Dominicana.Secretaria de Estado de Educación
245 #0 - MENCIÓN DEL TÍTULO
Título Informe final de la fase demostrativa del proyecto fortalecimiento de la educación inicial en República Dominicana.
260 ## - PUBLICACIÓN, DISTRIBUCIÓN, ETC.
Nombre del editor, distribuidor, etc. Direccuón General de Educación Inicial
Fecha de publicación, distribución, etc. 2003
901 ## - ELEMENTOS DE DATOS A LOCAL LDA (RLIN)
a 14/1/2011 2:39:47 p.m.

No items available.

© 2024. Todos los Derechos Reservados. Desarrollado por IDEICE